Normal view
MARC view
- Law
Entry Topical Term
001 - CONTROL NUMBER
- control field: 129409
003 - CONTROL NUMBER IDENTIFIER
- control field: NUST
005 - DATE AND TIME OF LATEST TRANSACTION
- control field: 20250703154217.0
008 - FIXED-LENGTH DATA ELEMENTS
- fixed length control field: 250703|| aca||aabn | a|a d
040 ## - CATALOGING SOURCE
- Original cataloging agency: NUST
- Transcribing agency: NUST
150 ## - HEADING--TOPICAL TERM
- Topical term or geographic name entry element: Law
- Geographic subdivision: Great Britain
- General subdivision: Methodology
670 ## - SOURCE DATA FOUND
- Source citation: Work cat.: (NUST)0: Hanson, Sharon (Law teacher), author. 129408, Learning legal skills and reasoning /
